The Romance and drama of the rubber industry (Record no. 75092)
[ view plain ]
| 000 -LEADER | |
|---|---|
| fixed length control field | 00462nam a22001337a 4500 |
| 020 ## - INTERNATIONAL STANDARD BOOK NUMBER | |
| ISBN | 978 1258 360740 |
| 082 ## - DEWEY DECIMAL CLASSIFICATION NUMBER | |
| Classification number | NR:338.45 |
| Item number | FIR |
| 100 ## - MAIN ENTRY--AUTHOR NAME | |
| Personal name | FIRESTONE, Harvey Samuel |
| 245 ## - TITLE STATEMENT | |
| Title | The Romance and drama of the rubber industry |
| 260 ## - PUBLICATION, DISTRIBUTION, ETC. (IMPRINT) | |
| Place of publication | US |
| Name of publisher | The Firestone Tire & Rubber Company |
| Year of publication | 1932 |
| 300 ## - PHYSICAL DESCRIPTION | |
| Number of Pages | 135p. |
| 650 ## - SUBJECT ADDED ENTRY--TOPICAL TERM | |
| Topical Term | Rubber discovery |
| -- | Rubber history |
| -- | Rubber in war |
| -- | First rubber tree |
| -- | First pneumatic tire |
| -- | British Rubber Restriction Plan |
| 942 ## - ADDED ENTRY ELEMENTS (KOHA) | |
| Koha item type | Books |
| Withdrawn status | Lost status | Damaged status | Not for loan | Home library | Current library | Date acquired | Source of acquisition | Full call number | Accession Number | Koha item type |
|---|---|---|---|---|---|---|---|---|---|---|
| RRII Library | RRII Library | 06/10/2023 | Technical Bureau India, Delhi, Inv No TB1891 dtd 26.09.2023 for RS 18320 | NR:338.45 FIR | 23599 | Books |